000 01352nam a2200301 a 4500
001 000007994
005 20240305122427.0
008 090914t2006 dr ac r 001 d spa d
020 _a9945160125
040 _aDO-SdBNP
_bspa
_cBNPHU
082 _aRD862.4408
_bT253v
245 0 0 _aTeatro del vía :
_b(5 dramaturgos) /
_cRannel Báez ...[et. al] ; selección, corrección e introducción William Mejía.
250 _a3a. ed.
260 _aSanto Domingo :
_bTeatro-Sur : Nacional,
_c2006.
300 _a136 p. :
_bil., retrs. ;
_c23 cm.
500 _aIncluye datos biográficos de los autores.
505 0 _aComentario liminar /
_rWilliam Mejía --
_tNi un paso al escenario /
_rRannel Báez --
_tHarina de un mismo costal /
_rJavier Reyes --
_tEntre leyes y lacayos /
_rRaysa Saviñón --
_tBuscando la salida /
_rLuís Therko Vargas --
_tEstampa de la noche /
_rVirgilio López Azuán.
590 _aInventariado, 2019/BT
650 4 _aTeatro dominicano
_xColecciones
_921852
650 4 _aLiteratura dominicana
_xColecciones
_9352
700 1 _aBáez, Rannel,
_d1963-
_921853
700 1 _aReyes, Javier,
_d1961-
_921854
700 1 _aSaviñón, Raysa
_921855
700 1 _aTherko Vargas, Luis,
_d1962-
_921856
700 1 _aLópez Azuán, Virgilio,
_d1959-
_964493
700 1 _aMejía, William,
_epról.
_91538
910 _aValidado. Control de calidad. EMS
999 _c7771
_d7771